[Event "Wch Rapid"]
[Site "Riadh"]
[Date "2017.12.28"]
[Round "14"]
[White "Al Habeeb, Emad"]
[Black "Al Omary, Ahmed"]
[Result "1-0"]
[WhiteElo "1933"]
[BlackElo "1875"]
[PlyCount "39"]
[EventDate "2017.12.26"]
[EventType "swiss (rapid)"]
[EventRounds "15"]
[EventCountry "SAU"]
[SourceTitle "CBM 182 Extra"]
[Source "ChessBase"]
[SourceDate "2018.02.23"]
[SourceVersion "1"]
[SourceVersionDate "2018.02.23"]
[SourceQuality "1"]

1. d4 e6 2. c4 d5 3. e3 Nf6 4. Nc3 Bb4 5. cxd5 Nxd5 6. Qc2 Nc6 7. Nf3 a6 8. Bd3 Ba5 9. a3 b5 10. b4 Bxb4 11. axb4 Ncxb4 12. Qd2 Nxd3+ 13. Qxd3 Bb7 14. Nxd5 Qxd5 15. Ba3 f6 16. Rc1 Bc6 17. Rc5 Qd7 18. Qc3 Bxf3 19. Rxc7 Qd5 20. Re7+ 1-0

[Event "Wch Rapid"]
[Site "Riadh"]
[Date "2017.12.28"]
[Round "13"]
[White "Al Omary, Ahmed"]
[Black "Salama, Taher"]
[Result "0-1"]
[WhiteElo "1875"]
[BlackElo "1769"]
[PlyCount "94"]
[EventDate "2017.12.26"]
[EventType "swiss (rapid)"]
[EventRounds "15"]
[EventCountry "SAU"]
[SourceTitle "CBM 182 Extra"]
[Source "ChessBase"]
[SourceDate "2018.02.23"]
[SourceVersion "1"]
[SourceVersionDate "2018.02.23"]
[SourceQuality "1"]

1. d4 Nf6 2. c4 e6 3. Nc3 d5 4. Nf3 Be7 5. h3 b6 6. Bf4 0-0 7. e3 Bb7 8. Bd3 c5 9. 0-0 Nbd7 10. Re1 cxd4 11. exd4 dxc4 12. Bxc4 Rc8 13. Bb3 a6 14. Rc1 b5 15. a3 Nb6 16. Be5 Nc4 17. Qe2 Nd5 18. Red1 Bd6 19. Ne4 Bxe5 20. Nxe5 Nf4 21. Qe1 Nxb2 22. Rxc8 Qxc8 23. Rc1 Qa8 24. f3 Nbd3 25. Nxd3 Nxd3 26. Qd2 Nxc1 27. Qxc1 Bxe4 28. fxe4 Qxe4 29. Qc3 Rd8 30. Bc2 Qxd4+ 31. Qxd4 Rxd4 32. Kf1 Rc4 33. Bd1 f5 34. Ke2 Kf7 35. Kd3 Rc7 36. Bf3 Kf6 37. g4 g6 38. h4 Ke5 39. g5 Kf4 40. Be2 e5 41. Kd2 Kg3 42. h5 e4 43. Ke3 Rc3+ 44. Kd2 Rxa3 45. hxg6 hxg6 46. Ke1 Re3 47. Kf1 Rxe2 0-1

[Event "Wch Rapid"]
[Site "Riadh"]
[Date "2017.12.26"]
[Round "4"]
[White "Al Omary, Ahmed"]
[Black "Alem, Ali Hussien"]
[Result "1-0"]
[WhiteElo "1875"]
[BlackElo "1745"]
[PlyCount "63"]
[EventDate "2017.12.26"]
[EventType "swiss (rapid)"]
[EventRounds "15"]
[EventCountry "SAU"]
[SourceTitle "CBM 182 Extra"]
[Source "ChessBase"]
[SourceDate "2018.02.23"]
[SourceVersion "1"]
[SourceVersionDate "2018.02.23"]
[SourceQuality "1"]

1. d4 d5 2. c4 e6 3. Nc3 Nf6 4. Nf3 Be7 5. g3 Nbd7 6. Bg2 0-0 7. 0-0 b6 8. h3 Bb7 9. b3 c5 10. e3 Qc7 11. Nb5 Qd8 12. Bb2 a6 13. Nc3 Qc7 14. cxd5 Nxd5 15. Rc1 e5 16. Nxd5 Bxd5 17. dxc5 Qb7 18. c6 Bxc6 19. Rxc6 e4 20. Nd4 f5 21. Qc2 Rac8 22. Rc1 Rcd8 23. Ne6 Nc5 24. Nxd8 Rxd8 25. Qc4+ Kh8 26. Rxc5 Bxc5 27. b4 Bf8 28. Bd4 h6 29. Qc6 Qf7 30. Qxh6+ Kg8 31. Qxb6 Qxa2 32. Qxd8 1-0

[Event "Arab Clubs-chT"]
[Site "Marrakesh"]
[Date "2016.12.06"]
[Round "5"]
[White "Drais, Ali"]
[Black "Al Omary, Ahmed"]
[Result "1-0"]
[WhiteElo "1508"]
[BlackElo "1894"]
[PlyCount "63"]
[EventDate "2016.12.02"]
[EventType "team-tourn"]
[EventRounds "7"]
[EventCountry "MAR"]
[SourceTitle "CBM 176 Extra"]
[Source "ChessBase"]
[SourceDate "2017.03.02"]
[SourceVersion "1"]
[SourceVersionDate "2017.03.02"]
[SourceQuality "1"]
[WhiteTeam "Elmanara"]
[BlackTeam "Nadi ALhijaz"]
[WhiteTeamCountry "MAR"]
[BlackTeamCountry "SAU"]

1. e4 e6 2. d4 b6 3. Nd2 Bb7 4. Bd3 c5 5. c3 Nf6 6. Ne2 c4 7. Bb1 Qc7 8. a4 b5 9. Ng3 a5 10. e5 Nd5 11. Nde4 d6 12. f4 Nd7 13. Qg4 dxe5 14. fxe5 f5 15. exf6 N7xf6 16. Qxe6+ Qe7 17. Nd6+ Kd8 18. Qxe7+ Bxe7 19. Nxb7+ Kc7 20. Nc5 Bxc5 21. dxc5 Kc6 22. 0-0 Kxc5 23. Ne4+ Kb6 24. Nxf6 Nxf6 25. Be3+ Kc6 26. Rxf6+ gxf6 27. Be4+ Kd6 28. Rd1+ Ke5 29. Bxa8 Rxa8 30. Bd4+ Ke6 31. Rf1 f5 32. Re1+ 1-0

[Event "Arab Clubs-chT"]
[Site "Marrakesh"]
[Date "2016.12.03"]
[Round "2"]
[White "Ouakhir, Pierre Mehdi"]
[Black "Al Omary, Ahmed"]
[Result "1-0"]
[WhiteElo "2240"]
[BlackElo "1894"]
[PlyCount "97"]
[EventDate "2016.12.02"]
[EventType "team-tourn"]
[EventRounds "7"]
[EventCountry "MAR"]
[SourceTitle "CBM 176 Extra"]
[Source "ChessBase"]
[SourceDate "2017.03.02"]
[SourceVersion "1"]
[SourceVersionDate "2017.03.02"]
[SourceQuality "1"]
[WhiteTeam "Nadi Al Quds"]
[BlackTeam "Nadi ALhijaz"]
[WhiteTeamCountry "PLE"]
[BlackTeamCountry "SAU"]

1. d4 Nf6 2. c4 c5 3. d5 b5 4. Nd2 g6 5. b3 Bg7 6. Bb2 b4 7. e4 d6 8. f4 0-0 9. Bd3 Nbd7 10. Qc2 a5 11. Ngf3 Nb6 12. 0-0 a4 13. Rae1 a3 14. Ba1 e6 15. dxe6 fxe6 16. e5 Nh5 17. g3 Ra7 18. Ng5 Rf5 19. Bxf5 exf5 20. Qd3 d5 21. cxd5 Qxd5 22. Qxd5+ Nxd5 23. Nc4 h6 24. Rd1 Ne7 25. Rd8+ Bf8 26. Nf3 Ng7 27. Nd6 Rc7 28. Nxc8 Nxc8 29. Rc1 Ne6 30. Rd3 Na7 31. Nd2 Nb5 32. Nc4 Ned4 33. Bxd4 Nxd4 34. Kf2 g5 35. Nd6 Ne6 36. Rc4 Bxd6 37. exd6 Rd7 38. Rd5 Kg7 39. fxg5 hxg5 40. h4 Kf6 41. Ke3 g4 42. Rc1 Kg6 43. Kd3 Kf6 44. Kc4 Kg6 45. Kb5 Kf6 46. Kc6 Rd8 47. d7 Ke7 48. Re1 Kf6 49. Rd6 1-0

[Event "Arab Clubs-chT"]
[Site "Marrakesh"]
[Date "2016.12.02"]
[Round "1"]
[White "Al Omary, Ahmed"]
[Black "Alshourfaa, Hazaa"]
[Result "0-1"]
[WhiteElo "1894"]
[BlackElo "1804"]
[PlyCount "90"]
[EventDate "2016.12.02"]
[EventType "team-tourn"]
[EventRounds "7"]
[EventCountry "MAR"]
[SourceTitle "CBM 176 Extra"]
[Source "ChessBase"]
[SourceDate "2017.03.02"]
[SourceVersion "1"]
[SourceVersionDate "2017.03.02"]
[SourceQuality "1"]
[WhiteTeam "Nadi ALhijaz"]
[BlackTeam "Kuwait Mind Sports"]
[WhiteTeamCountry "SAU"]
[BlackTeamCountry "KUW"]

1. Nf3 Nf6 2. g3 d5 3. c4 e6 4. Bg2 Be7 5. b3 0-0 6. 0-0 b6 7. Bb2 Bb7 8. d3 Nbd7 9. Nbd2 c5 10. cxd5 Nxd5 11. Rc1 Bf6 12. Qc2 Rc8 13. Ne4 Bxb2 14. Qxb2 N7f6 15. Nfd2 Qe7 16. Rfd1 Rfd8 17. h3 Nxe4 18. Nxe4 e5 19. Rd2 f5 20. Nc3 Nxc3 21. Qxc3 Bxg2 22. Kxg2 e4 23. dxe4 Rxd2 24. Qxd2 Qxe4+ 25. f3 Qe6 26. Qd3 Re8 27. Rc2 Kf7 28. Rd2 Re7 29. g4 fxg4 30. hxg4 g6 31. e4 Kg7 32. Qd6 Kf7 33. Qxe6+ Kxe6 34. f4 Rd7 35. Rxd7 Kxd7 36. f5 gxf5 37. gxf5 Kd6 38. f6 Kc6 39. e5 a6 40. Kf3 b5 41. Kg4 c4 42. Kg5 cxb3 43. Kh6 b2 44. Kg7 b1Q 45. f7 Qg6+ 0-1